000 00345nam a22001337a 4500
999 _c15296
_d15296
020 _a0-8018-2913-5
082 _a338.13
_bGIT/EC
100 _a Gittinger, J. Price
_92937
245 _aEcononmic analysis of agricultural projects
250 _a2
260 _aU.S.A
_bThe Johns Hopkins University Press
_c1984
300 _a505
942 _cREF